Handbook of pipeline engineering computations /
Guardado en:
| Autor Principal: | |
|---|---|
| Formato: | Libro |
| Idioma: | English |
| Publicado: |
Tulsa, Okla :
Petroleum Pub. Co.,
c1979.
|
| Materias: | |
| Etiquetas: |
Agregar Etiqueta
Sin Etiquetas, Sea el primero en etiquetar este registro!
|
| LEADER | 00809cam a22002535a 4500 | ||
|---|---|---|---|
| 001 | EIQ.libpla001837 | ||
| 008 | 800123s1979####oku###########001#0#eng#d | ||
| 005 | 20070215180540.0 | ||
| 245 | 1 | 0 | |a Handbook of pipeline engineering computations / |c by Alex Marks. |
| 260 | |a Tulsa, Okla : |b Petroleum Pub. Co., |c c1979. | ||
| 300 | |a 347 p. ; |c 29 cm. | ||
| 500 | |a Incluye índice. | ||
| 020 | |a 0878140948 | ||
| 100 | 1 | |a Marks, Alex. | |
| 082 | 0 | 0 | |a 621.8/672/0285425 |
| 650 | 4 | |a Tuberías |x Procesamiento de datos. | |
| 650 | 4 | |a Tuberías |x Diseño. | |
| 650 | 4 | |a Tuberías |x Construcción. | |
| 650 | 4 | |a Pipelines |x Design. | |
| 650 | 4 | |a Pipelines |x Construction. | |
| 650 | 4 | |a Pipelines |x Data processing. | |
| 010 | |a 79127868 | ||
| 040 | |a DLC |c DLC |d AR-BbSID | ||
| 859 | |a AR-BbSID |b BIB. PLAPIQUI |h 660.281 |i M 323 |k R |p 998 | ||
